Groups of 4- Geography - Statistics

General Stats
  • This quiz has been taken 107 times
  • The average score is 19 of 40
Answer Stats
Answer % Correct
Portugal
98%
Andorra
97%
France
97%
England
90%
Northern Ireland
90%
Scotland
90%
Wales
90%
Hokkaido
80%
United Kingdom
80%
United Kingdom
80%
Honshu
77%
Netherlands
67%
Ireland
58%
Malta
56%
English
55%
Iceland
55%
Kyushu
52%
Shikoku
51%
Chinese
47%
Kenya
47%
Beijing
45%
Tanzania
45%
Malay
44%
Shanghai
43%
Uganda
40%
Rwanda
35%
Aruba
34%
Curacao
31%
Tamil
30%
Sint Maarten
23%
Tianjin
13%
Chongqing
10%
Chuuk
9%
British Indian Ocean Territory
7%
Christmas Island
7%
Cocos Islands/ Keeling Islands
7%
Pohnpei
7%
Kosrae
6%
Yap
6%
Akrotiri and Dhekelia
3%
No matching quizzes found
Score Distribution
Percent of People with Each Score
Percentile by Number Answered
Your Score History
You have not taken this quiz